Acta VŠFS economic studies and analyses

Guardado en:
Detalles Bibliográficos
Formato: Seriadas
Lenguaje:inglés
Publicado: Praha Vysoká škola finanční a správní 2012
Materias:
Etiquetas: Agregar Etiqueta
Sin Etiquetas, Sea el primero en etiquetar este registro!

MARC

LEADER 00000nas2a2200000 4500
001 0227891
005 20170308095007.8
022 |a 1802-792X 
041 0 |a eng 
044 |a CZ 
245 1 0 |a Acta VŠFS  |b economic studies and analyses 
264 1 |a Praha  |b Vysoká škola finanční a správní  |c 2012 
773 0 |w eu_un_cat*0072294 
610 2 0 |a veda ekonomická 
610 2 0 |a teórie ekonomické